Panorama de la peinture au Québec, 1940-1966, mai-août 1967.
Saved in:
| Corporate Author: | |
|---|---|
| Format: | Book |
| Language: | French |
| Published: |
Montréal,
Musée d'art contemporain
[1967]
|
| Subjects: | |
| Tags: |
Add Tag
No Tags, Be the first to tag this record!
|
| LEADER | 00772cam a2200229I 4500 | ||
|---|---|---|---|
| 001 | 005178205-7 | ||
| 005 | 20020606095253.2 | ||
| 008 | 750409s1967 quc 000 0 fre | ||
| 010 | |a 68030307 | ||
| 035 | 0 | |a ocm01263148 | |
| 040 | |a DLC |c BNG |d FDA |d HFL | ||
| 050 | |a ND245 |b .M8 | ||
| 082 | |a 759.114 | ||
| 110 | 1 | |a Québec (Province). |b Musée d'art contemporain. | |
| 245 | 1 | 0 | |a Panorama de la peinture au Québec, 1940-1966, |b mai-août 1967. |
| 260 | |a Montréal, |b Musée d'art contemporain |c [1967] | ||
| 300 | |a 120 p. |b illus. (part col.), ports. |c 26 cm. | ||
| 500 | |a At head of title: Ministère des affaires culturelles du Québec. | ||
| 650 | 0 | |a Painting, Canadian |x Exhibitions. | |
| 650 | 0 | |a Painting, Modern |y 20th century |z Canada. | |
| 988 | |a 20020608 | ||
| 906 | |0 DLC | ||


